<?xml version="1.0" encoding="UTF-8"?>
<record
    xmlns:xsi="http://www.w3.org/2001/XMLSchema-instance"
    xsi:schemaLocation="http://www.loc.gov/MARC21/slim http://www.loc.gov/standards/marcxml/schema/MARC21slim.xsd"
    xmlns="http://www.loc.gov/MARC21/slim">

  <leader>01689nam a2200313 i 4500</leader>
  <controlfield tag="001">41506</controlfield>
  <controlfield tag="003">ES-MaACL</controlfield>
  <controlfield tag="005">20250702060043.0</controlfield>
  <controlfield tag="007">t|</controlfield>
  <controlfield tag="008">030311s1876    sp           ||||1| spa d</controlfield>
  <datafield tag="080" ind1=" " ind2=" ">
    <subfield code="a">342.732(460)"18"</subfield>
  </datafield>
  <datafield tag="080" ind1=" " ind2=" ">
    <subfield code="a">351.751(460)"18"</subfield>
  </datafield>
  <datafield tag="080" ind1=" " ind2=" ">
    <subfield code="a">343.349(460)"18"</subfield>
  </datafield>
  <datafield tag="100" ind1="1" ind2=" ">
    <subfield code="a">Salmer&#xF3;n y Alonso, Nicol&#xE1;s,</subfield>
    <subfield code="d">1838-1908</subfield>
    <subfield code="9">101996</subfield>
  </datafield>
  <datafield tag="245" ind1="1" ind2="3">
    <subfield code="a">Un caso entre mil o La prensa y la dictadura : </subfield>
    <subfield code="b">datos interesantes para la historia de Espa&#xF1;a en el a&#xF1;o de gracia de 1876 / </subfield>
    <subfield code="c">por un periodista viejo.</subfield>
  </datafield>
  <datafield tag="260" ind1=" " ind2=" ">
    <subfield code="a">Madrid : </subfield>
    <subfield code="b">[s.n.], </subfield>
    <subfield code="c">1876 (</subfield>
    <subfield code="f">Imp. de "El Solfeo", a cargo de A. Iniesta)</subfield>
  </datafield>
  <datafield tag="300" ind1=" " ind2=" ">
    <subfield code="a">210 p. ; </subfield>
    <subfield code="c">16 cm.</subfield>
  </datafield>
  <datafield tag="505" ind1="8" ind2=" ">
    <subfield code="a">Contiene: Introducci&#xF3;n. Un caso entre mil . Decreto sobre imprenta . Circular sobre aplicaci&#xF3;n del decreto . Discurso pronunciado el d&#xED;a 27 de mayo de 1876, ante el Tribunal de imprenta de la Audiencia de Madrid y en defensa del peri&#xF3;dico El Solfeo / por Don Nicol&#xE1;s Salmer&#xF3;n . Sentencia . Discurso pronunciado el d&#xED;a 2 de junio de 1876, ante el Tribunal de imprenta de la Audiencia de Madrid y en defensa del peri&#xF3;dico El Solfeo / por D. Francisco Pi y Margall . Sentencia</subfield>
  </datafield>
  <datafield tag="530" ind1=" " ind2=" ">
    <subfield code="a">Disponible en formato digital.</subfield>
  </datafield>
  <datafield tag="650" ind1=" " ind2="4">
    <subfield code="a">Libertad de prensa-</subfield>
    <subfield code="z">Espa&#xF1;a-</subfield>
    <subfield code="y">S.XIX.</subfield>
    <subfield code="9">14415</subfield>
  </datafield>
  <datafield tag="650" ind1=" " ind2="4">
    <subfield code="a">Prensa-</subfield>
    <subfield code="x">Derecho-</subfield>
    <subfield code="z">Espa&#xF1;a.</subfield>
    <subfield code="9">171694</subfield>
  </datafield>
  <datafield tag="650" ind1=" " ind2="4">
    <subfield code="a">Prensa y pol&#xED;tica-</subfield>
    <subfield code="z">Espa&#xF1;a-</subfield>
    <subfield code="y">S.XIX.</subfield>
    <subfield code="9">143587</subfield>
  </datafield>
  <datafield tag="700" ind1="1" ind2=" ">
    <subfield code="a">Pi y Margall, Francisco,</subfield>
    <subfield code="d">1824-1901</subfield>
    <subfield code="9">91732</subfield>
  </datafield>
  <datafield tag="740" ind1="3" ind2="2">
    <subfield code="a">La prensa y la dictadura.</subfield>
  </datafield>
  <datafield tag="852" ind1=" " ind2=" ">
    <subfield code="a">ES-MaACL</subfield>
    <subfield code="j">Armario18   </subfield>
    <subfield code="d">Olim: F-10120</subfield>
  </datafield>
  <datafield tag="856" ind1=" " ind2=" ">
    <subfield code="u">https://archive.org/details/uncasoentremill00unkngoog/page/n3/mode/2up</subfield>
    <subfield code="z">Internet Archive</subfield>
  </datafield>
  <datafield tag="942" ind1=" " ind2=" ">
    <subfield code="2">udc</subfield>
  </datafield>
  <datafield tag="999" ind1=" " ind2=" ">
    <subfield code="c">41506</subfield>
    <subfield code="d">41506</subfield>
  </datafield>
  <datafield tag="952" ind1=" " ind2=" ">
    <subfield code="0">0</subfield>
    <subfield code="1">0</subfield>
    <subfield code="2">udc</subfield>
    <subfield code="4">0</subfield>
    <subfield code="7">0</subfield>
    <subfield code="8">Librosdedicados</subfield>
    <subfield code="a">ATENEOM</subfield>
    <subfield code="b">ATENEOM</subfield>
    <subfield code="c">DEPO</subfield>
    <subfield code="d">2008-01-17</subfield>
    <subfield code="l">0</subfield>
    <subfield code="o">Armario 18</subfield>
    <subfield code="p">1043694</subfield>
    <subfield code="r">2023-02-23 00:00:00</subfield>
    <subfield code="w">2023-02-23</subfield>
    <subfield code="y">MONANT</subfield>
    <subfield code="z">Dedicatoria aut&#xF3;grafa de "El periodista viejo"</subfield>
  </datafield>
</record>
